Statistics for Parma Best Scorer By Year

Click here to take the quiz!

General Stats

  • This quiz has been taken 121 times
    (94 since last reset)
  • The average score is 5 of 18

Answer Stats

Player% Correct
Hernán Crespo
91%
Alberto Gilardino
54%
Enrico Chiesa
47%
Gervinho
43%
Gianfranco Zola
42%
Adrian Mutu
34%
Antonio Cassano
34%
Amauri
31%
Marco Di Vaio
28%
Sebastian Giovinco
28%
Andreas Cornelius
22%
Alessandro Melli
19%
Juraj Kucka
18%
Valeri Bojinov
18%
Hernani
12%
Igor Budan
11%
Bernardo Corradi
7%
Fábio Simplício
5%

Score Distribution

Percentile by Number Answered

Percent of People with Each Score

Your Score History

You have not taken this quiz since the last reset